Mano de obra mexicana e interacción económica en Norteamérica /

Guardat en:
Dades bibliogràfiques
Autor principal: Verduzco, Gustavo
Format: Text
Matèries:
Etiquetes: Afegir etiqueta
Sense etiquetes, Sigues el primer a etiquetar aquest registre!

MARC

LEADER 00000 a a2200000 04500
001 11641
003
040
100 |a Verduzco, Gustavo  
245 |a Mano de obra mexicana e interacción económica en Norteamérica /  |c Gustavo Verduzco 
650 |a MIGRACION  
650 |a MERCADO DE TRABAJO  
650 |a TRATADO DE LIBRE COMERCIO  
650 |a MEXICO  
650 |a USA  
773 |g volumen 12, número 48; páginas 51-75  
999 |c 26488  |d 26488